Statistics for Largest U. S. Cities that Start with the Same Letter as their State

Click here to take the quiz!

General Stats

  • This quiz has been taken 76 times
  • The average score is 11 of 17

Answer Stats

Population Letter City % Correct
1,580,863PPhiladelphia
98%
8,622,698NNew York
97%
863,002IIndianapolis
95%
350,395HHonolulu
94%
302,407PPittsburgh
86%
643,648OOklahoma City
86%
294,356AAnchorage
81%
152,938KKansas City (Kansas)
81%
450,435VVirginia Beach
73%
422,331MMinneapolis
70%
285,154NNewark
66%
464,474CColorado Springs
64%
180,072FFort Lauderdale
56%
176,888SSioux Falls
44%
270,471CChula Vista
30%
242,975NNorth Las Vegas
17%
167,836CCorona
6%

Score Distribution

Percentile by Number Answered

Percent of People with Each Score

Your Score History

You have not taken this quiz